000 00586cam a22002054a 4500
020 _a8131601706
020 _a8131602230
020 _a9788131601709
020 _a9788131602232
082 0 0 _a320.01
_bVER
_cN-01,P-155
100 1 _aVerma, S. L.,
_9478
245 1 0 _aModern political theory :
_cS.L. Verma.
260 _aJaipur :
_bRawat Publications,
_c2007.
300 _axi, 258 p. :
_bill. ;
_c25 cm.
526 _a0
_b0
_c0
_d320_010000000000000_VER
526 _a0
_b0
_c0
_d320_010000000000000_VER
650 0 _aMCE
_9379
650 0 _aPolitical science.
_9335
942 _2ddc
_cBK
999 _c542426
_d542426